Business mathematics and statistics

Gespeichert in:
Bibliographische Detailangaben
1. Verfasser: Francis, Andy
Format: Buch
Sprache:Englisch
Veröffentlicht: London DP Publications Ltd 1993
Ausgabe:3. ed.
Schlagworte:
Tags: Tag hinzufügen
Keine Tags, Fügen Sie das erste Tag hinzu!

MARC

LEADER 00000nam a2200000 4500
001 c100958
005 20221123112210.4
020 |a 1-85805-003-0 
041 0 |a eng 
044 |a GB 
245 1 0 |a Business mathematics and statistics  |c A. Francis 
250 |a 3. ed. 
264 1 |a London  |b DP Publications Ltd  |c 1993 
300 |a 516 s. 
610 2 0 |a matematika hospodárska 
610 2 0 |a štatistika ekonomická 
610 2 0 |a analýza radov časových 
610 2 0 |a matematika aplikovaná 
610 2 0 |a analýza sieťová 
610 2 0 |a analýza korelačná 
610 2 0 |a analýza regresná 
610 2 0 |a grafy 
100 1 |a Francis, Andy